Japan's technical level and consulting engineers
Saved in:
| Corporate Author: | |
|---|---|
| Format: | Book |
| Language: | Undetermined |
| Published: |
Tokyo
Japan Consulting Engineers Association
1968
|
| Subjects: | |
| Tags: |
Add Tag
No Tags, Be the first to tag this record!
|
| Institutions: | Trung tâm Học liệu Trường Đại học Cần Thơ |
|---|
| LEADER | 00586nam a2200193Ia 4500 | ||
|---|---|---|---|
| 001 | CTU_95432 | ||
| 008 | 210402s9999 xx 000 0 und d | ||
| 082 | |a 620 | ||
| 082 | |b J35 | ||
| 110 | |a Japan Consulting Engineers Association | ||
| 245 | 0 | |a Japan's technical level and consulting engineers | |
| 245 | 0 | |c Japan Consulting Engineers Association | |
| 260 | |a Tokyo | ||
| 260 | |b Japan Consulting Engineers Association | ||
| 260 | |c 1968 | ||
| 650 | |a Industries,Engineering | ||
| 650 | |z Japan,Japan | ||
| 904 | |i Giang | ||
| 980 | |a Trung tâm Học liệu Trường Đại học Cần Thơ | ||